Έμφυλες σχέσεις και εργασιακός χώρος : το παράδειγμα μιας επαρχιακής εφημερίδας : πτυχιακή εργασία

Αποθηκεύτηκε σε:
Λεπτομέρειες βιβλιογραφικής εγγραφής
Κύριος συγγραφέας: Πανουσοπούλου, Μαρία
Συγγραφή απο Οργανισμό/Αρχή: Πανεπιστήμιο Αιγαίου. Σχολή Κοινωνικών Επιστημών. Τμήμα Κοινωνικής Ανθρωπολογίας και Ιστορίας
Άλλοι συγγραφείς: Καντσά, Βενετία (Εισηγητής διατριβής)
Μορφή: Thesis Βιβλίο
Γλώσσα:Greek
Δημοσίευση: 2007
Θέματα:
Διαθέσιμο Online:http://hdl.handle.net/11610/7579
Ετικέτες: Προσθήκη ετικέτας
Δεν υπάρχουν, Καταχωρήστε ετικέτα πρώτοι!

MARC

LEADER 00000cam a2200000 i 4500
001 1/105752
008 090602s2007 gre d
035 |l 10104950 
040 |a GR-MY-UA  |b gre  |e aacr 
041 0 |a gre 
082 0 |a 305.42  |2 (22) 
100 1 |a Πανουσοπούλου, Μαρία. 
245 1 0 |a Έμφυλες σχέσεις και εργασιακός χώρος :  |b το παράδειγμα μιας επαρχιακής εφημερίδας : πτυχιακή εργασία /  |c Μαρία Πανουσοπούλου ; επιβλέπουσα καθηγήτρια: Βενετία Καντσά 
260 |c 2007 
300 |a 61 σ.;  |c 30 εκ. 
502 # # |a Πτυχιακή εργασία – Πανεπιστήμιο Αιγαίου, Λέσβος, 2007. 
504 |a Βιβλιογραφία: σ. 59-61 
650 0 0 |a Sex discrimination in employment  |z Greece. 
650 0 0 |a Work environment  |z Greece. 
650 0 0 |a Women  |x Employment  |x Social aspects. 
650 0 0 |a Dissertations, Academic  |z Greece. 
700 1 |4 ths  |a Καντσά, Βενετία. 
710 2 |a Πανεπιστήμιο Αιγαίου.   |b Σχολή Κοινωνικών Επιστημών.   |b Τμήμα Κοινωνικής Ανθρωπολογίας και Ιστορίας. 
852 |a INST  |b LESVOS  |c DIATR  |e 20090602  |h 71  |p 005100045168  |q 005100045168  |t DIE  |y 23 
852 |a INST  |b LESVOS  |c DIATR  |e 20090602  |h 72  |p 005100045169  |q 005100045169  |t DIE  |y 23 
856 |u http://hdl.handle.net/11610/7579 
901 |a BIBL1-2009-2 
909 |a Λ  |b 137870 
909 |a Λ  |b 137869 
924 |a ΠΑΝΟΥΣΟΠΟΥΛΟΥ  |b ΜΑΡΙΑ  |y ΛΕΣΒΟΣ  |z 2007-11 
970 |a ΤΖΑΦΕΡΗ  |b ΕΥΑΓΓΕΛΙΑ  |z 2009/06/02